00482nam a2200193Ia 4500008004100000020001400041050001400055100001800069245002900087245001900116245005300135260001500188260001600203260000900219300001500228300002700243300001000270500000800280170918s9999 xx 000 0 und d a439474841 bM996 2002 aMyers, Laurie aLewis and Clark and me : ba dog's tale / cLaurie Myers ; illustrations by Michael Dooling. aNew York : bScholastic, c2002 a64 pages : bcolored illustration ; c23cm. a470